Joies
Descripción Física:
1 f. plegat en 4 parts : il. col., fot. ; 30 x 30 cm plegat a 15 x 15 cm
Materias:
Escola d'Arts i Oficis -- Guies
MARC
| LEADER | 00000nam a2200000Ia 4500 | ||
|---|---|---|---|
| 001 | 24337 | ||
| 003 | BGR | ||
| 005 | 20260324180615.0 | ||
| 008 | 160829s9999 xx 000 0 cat d | ||
| 080 | |a FU-64-152 | ||
| 245 | |a Joies | ||
| 260 | |a Barcelona : |b Diputació de Barcelona. Àrea d'Educació. Escola d'Arts i Oficis, [2000] | ||
| 300 | |a 1 f. plegat en 4 parts : |b il. col., fot. ; |c 30 x 30 cm plegat a 15 x 15 cm | ||
| 590 | |a Fulletó informatiu dels plans d'estudis de l'any 2000 del Departament de Joieria de l'Escola d'Arts i Oficis de la Diputació de Barcelona | ||
| 650 | |a Escola d'Arts i Oficis |x Guies |9 49932 | ||
| 710 | 2 | |a Escola d'Arts i Oficis (Barcelona, Catalunya) |9 55874 | |
| 901 | |a Arxiu | ||
| 942 | |n 1 |2 udc |c MON | ||
| 952 | |0 0 |1 0 |4 0 |6 FU64152 |7 1 |9 55693 |a Arxiu |b Arxiu |d 2016-12-01 |l 0 |o FU-64-152 |p 24337 |r 2016-12-01 00:00:00 |w 2016-12-01 |y ARXIU | ||
| 999 | |c 59566 |d 59566 | ||